Administrative behavior : A study of decision-making processes in administrative organization

Gespeichert in:
Bibliographische Detailangaben
1. Verfasser: Simon, Herbert A.
Format: Buch
Sprache:Undetermined
Veröffentlicht: New York The Free Press 1976
Schlagworte:
Tags: Tag hinzufügen
Keine Tags, Fügen Sie den ersten Tag hinzu!
Thư viện lưu trữ: Trung tâm Học liệu Trường Đại học Cần Thơ
LEADER 00547nam a2200193Ia 4500
001 CTU_86245
008 210402s9999 xx 000 0 und d
082 |a 658.4 
082 |b S594 
100 |a Simon, Herbert A. 
245 0 |a Administrative behavior : 
245 2 |b A study of decision-making processes in administrative organization 
245 0 |c Herbert A. Simon 
260 |a New York 
260 |b The Free Press 
260 |c 1976 
650 |a Management 
904 |i Năm 
980 |a Trung tâm Học liệu Trường Đại học Cần Thơ